| 000 | 01179ngm a22003370a 4500 | ||
|---|---|---|---|
| 001 | PT25723 | ||
| 003 | AR-LpoUNG | ||
| 005 | 20210202000401.0 | ||
| 007 | vd cvaizq | ||
| 008 | 191001s2007||||ag |||||||||||||||||spa d | ||
| 037 | _c$7,8 | ||
| 040 |
_aAR-LpoUNG _bspa _cAR-LpoUNG _eaacr |
||
| 041 | _aspa | ||
| 044 | _aag | ||
| 082 | 0 | _a302.3 962esp | |
| 100 | 1 |
_aBurman, Daniel _edir. |
|
| 245 | 1 | 0 | _aEsperando al mesías |
| 260 |
_aSan Luis : _bAVH, _c2007. |
||
| 300 | _aDVD (96 min.) : son., col. | ||
| 505 | 0 | _aFotografía: Ramiro Civita. | |
| 520 | _aAriel, un tímido chico judío que convive con su padre es incapaz de moverse con fluidez y continuamente se plantea su identidad. Por otro lado está Santamaría, un bancario de nacimiento que pierde el trabajo y se convierte en una suerte de vagabundo que recolecta documentos en la basura. Ellos dos y una galería de personajes secundarios se cruzarán y cambiarán sus vidas para siempre. | ||
| 650 | 4 | _aARGENTINA | |
| 650 | 4 | _aFAMILIA | |
| 650 | 4 | _aRELACIONES HUMANAS | |
| 651 | 4 | _aArgentina | |
| 653 | _aCINE ARGENTINO | ||
| 653 | _aDVD | ||
| 653 | _aVIDEOS | ||
| 905 | _a25723 | ||
| 942 | _cDVD | ||
| 999 |
_c54752 _d54752 |
||